<?xml version="1.0" encoding="UTF-8"?>
<record
    xmlns:xsi="http://www.w3.org/2001/XMLSchema-instance"
    xsi:schemaLocation="http://www.loc.gov/MARC21/slim http://www.loc.gov/standards/marcxml/schema/MARC21slim.xsd"
    xmlns="http://www.loc.gov/MARC21/slim">

  <leader>00559nam a2200217Ia 4500</leader>
  <controlfield tag="008">230125s9999    xx            000 0 und d</controlfield>
  <datafield tag="020" ind1=" " ind2=" ">
    <subfield code="a">9788126553785</subfield>
  </datafield>
  <datafield tag="041" ind1=" " ind2=" ">
    <subfield code="a">eng</subfield>
  </datafield>
  <datafield tag="082" ind1=" " ind2=" ">
    <subfield code="a">658.312 44</subfield>
    <subfield code="b">DEC</subfield>
  </datafield>
  <datafield tag="100" ind1=" " ind2=" ">
    <subfield code="a">Decenzo D A</subfield>
    <subfield code="9">115431</subfield>
  </datafield>
  <datafield tag="245" ind1=" " ind2=" ">
    <subfield code="a">Human Resource Management</subfield>
  </datafield>
  <datafield tag="250" ind1=" " ind2=" ">
    <subfield code="a">11th Ed.</subfield>
  </datafield>
  <datafield tag="260" ind1=" " ind2=" ">
    <subfield code="c">2017</subfield>
    <subfield code="b">Wiley Publication</subfield>
    <subfield code="a">Noida,Up</subfield>
  </datafield>
  <datafield tag="300" ind1=" " ind2=" ">
    <subfield code="a">424p</subfield>
  </datafield>
  <datafield tag="440" ind1=" " ind2=" ">
    <subfield code="v">5</subfield>
  </datafield>
  <datafield tag="500" ind1=" " ind2=" ">
    <subfield code="a">HRM;</subfield>
  </datafield>
  <datafield tag="650" ind1=" " ind2=" ">
    <subfield code="a">Human Resource Management.</subfield>
  </datafield>
  <datafield tag="700" ind1=" " ind2=" ">
    <subfield code="a">Decenzo D A; Robbins S &amp; Verhulst S</subfield>
    <subfield code="9">117516</subfield>
  </datafield>
  <datafield tag="906" ind1=" " ind2=" ">
    <subfield code="b">29</subfield>
  </datafield>
  <datafield tag="999" ind1=" " ind2=" ">
    <subfield code="c">95348</subfield>
    <subfield code="d">95348</subfield>
  </datafield>
  <datafield tag="952" ind1=" " ind2=" ">
    <subfield code="0">0</subfield>
    <subfield code="1">0</subfield>
    <subfield code="4">0</subfield>
    <subfield code="7">0</subfield>
    <subfield code="a">HIMR</subfield>
    <subfield code="b">HIMR</subfield>
    <subfield code="d">2018-03-12</subfield>
    <subfield code="e">Pritam Book Centre</subfield>
    <subfield code="g">669.00</subfield>
    <subfield code="i">10548</subfield>
    <subfield code="l">0</subfield>
    <subfield code="o">658.312 44 DEC B16230</subfield>
    <subfield code="p">HIMR-BK-16230</subfield>
    <subfield code="r">2023-01-25 00:00:00</subfield>
    <subfield code="v">640.00</subfield>
    <subfield code="w">2018-02-28</subfield>
    <subfield code="y">BK</subfield>
    <subfield code="z">B16230</subfield>
  </datafield>
  <datafield tag="952" ind1=" " ind2=" ">
    <subfield code="0">0</subfield>
    <subfield code="1">0</subfield>
    <subfield code="4">0</subfield>
    <subfield code="7">0</subfield>
    <subfield code="a">HIMR</subfield>
    <subfield code="b">HIMR</subfield>
    <subfield code="d">2018-03-12</subfield>
    <subfield code="e">Pritam Book Centre</subfield>
    <subfield code="g">669.00</subfield>
    <subfield code="i">10548</subfield>
    <subfield code="l">0</subfield>
    <subfield code="o">658.312 44 DEC B16231</subfield>
    <subfield code="p">HIMR-BK-16231</subfield>
    <subfield code="r">2023-01-25 00:00:00</subfield>
    <subfield code="v">640.00</subfield>
    <subfield code="w">2018-02-28</subfield>
    <subfield code="y">BK</subfield>
    <subfield code="z">B16231</subfield>
  </datafield>
  <datafield tag="952" ind1=" " ind2=" ">
    <subfield code="0">0</subfield>
    <subfield code="1">0</subfield>
    <subfield code="4">0</subfield>
    <subfield code="7">0</subfield>
    <subfield code="a">HIMR</subfield>
    <subfield code="b">HIMR</subfield>
    <subfield code="d">2018-03-12</subfield>
    <subfield code="e">Pritam Book Centre</subfield>
    <subfield code="g">669.00</subfield>
    <subfield code="i">10548</subfield>
    <subfield code="l">0</subfield>
    <subfield code="o">658.312 44 DEC B16232</subfield>
    <subfield code="p">HIMR-BK-16232</subfield>
    <subfield code="r">2023-01-25 00:00:00</subfield>
    <subfield code="v">640.00</subfield>
    <subfield code="w">2018-02-28</subfield>
    <subfield code="y">BK</subfield>
    <subfield code="z">B16232</subfield>
  </datafield>
  <datafield tag="952" ind1=" " ind2=" ">
    <subfield code="0">0</subfield>
    <subfield code="1">0</subfield>
    <subfield code="4">0</subfield>
    <subfield code="7">0</subfield>
    <subfield code="a">HIMR</subfield>
    <subfield code="b">HIMR</subfield>
    <subfield code="d">2018-03-12</subfield>
    <subfield code="e">Pritam Book Centre</subfield>
    <subfield code="g">669.00</subfield>
    <subfield code="i">10548</subfield>
    <subfield code="l">0</subfield>
    <subfield code="o">658.312 44 DEC B16233</subfield>
    <subfield code="p">HIMR-BK-16233</subfield>
    <subfield code="r">2023-01-25 00:00:00</subfield>
    <subfield code="v">640.00</subfield>
    <subfield code="w">2018-02-28</subfield>
    <subfield code="y">BK</subfield>
    <subfield code="z">B16233</subfield>
  </datafield>
  <datafield tag="952" ind1=" " ind2=" ">
    <subfield code="0">0</subfield>
    <subfield code="1">0</subfield>
    <subfield code="4">0</subfield>
    <subfield code="7">0</subfield>
    <subfield code="a">HIMR</subfield>
    <subfield code="b">HIMR</subfield>
    <subfield code="d">2018-03-12</subfield>
    <subfield code="e">Pritam Book Centre</subfield>
    <subfield code="g">669.00</subfield>
    <subfield code="i">10548</subfield>
    <subfield code="l">0</subfield>
    <subfield code="o">658.312 44 DEC B16234</subfield>
    <subfield code="p">HIMR-BK-16234</subfield>
    <subfield code="r">2023-01-25 00:00:00</subfield>
    <subfield code="v">640.00</subfield>
    <subfield code="w">2018-02-28</subfield>
    <subfield code="y">BK</subfield>
    <subfield code="z">B16234</subfield>
  </datafield>
</record>
